| Поле | Название | Значение |
| |
Тип записи |
a |
| |
Библиографический уровень |
m |
| 001 |
Контрольный номер |
SKBR/a67ee38d-7e82-4a54-98e4-ef4095872a9f |
| 005 |
Дата корректировки |
20231215113125.7 |
| 010 |
Индекс ISBN |
__ |
| a |
ISBN |
978-5-00117-424-0 |
| 9 |
Тираж |
5000 экз. |
| d |
Цена |
1478-00 |
| 021 |
№ государственной регистрации |
__ |
| a |
Код страны |
RU |
| b |
№ документа |
2020-18760 |
| 035 |
Другие системные номера |
__ |
| a |
Идентификатор записи |
(RuMoRGB)009655032 |
| 035 |
Другие системные номера |
__ |
| a |
Идентификатор записи |
RU\NLR\BIBL_A\012305669 |
| 100 |
Данные общей обработки |
__ |
| a |
Данные общей обработки |
20200731d2018 bdey0rusy028902 ca |
| 101 |
Язык документа |
1_ |
| a |
Язык текста |
rus |
| c |
Язык оригинала |
eng |
| 102 |
Страна публикации |
__ |
| a |
Страна публикации |
RU |
| 105 |
Кодированные данные (монография) |
__ |
| a |
Кодированные данные (монография) |
a z 000yy |
| 181 |
Поле кодированных данных: вид содержания |
_0 |
| a |
Код вида содержания (ISBD) |
i |
| 182 |
Поле кодированных данных: тип средства |
_0 |
| a |
Код типа средства (ISBD) |
n |
| 200 |
Заглавие и сведения об ответственности |
1_ |
| a |
Заглавие |
Scratch для детей |
| e |
Сведения, относящиеся к заглавию |
cамоучитель по программированию |
| e |
Сведения, относящиеся к заглавию |
для среднего и старшего школьного возраста |
| f |
Первые сведения об ответственности |
Мажед Маржи |
| g |
Последующие сведения об ответственности |
перевод с английского Марии Гескиной и Светланы Таскаевой |
| 203 |
Вид содержания и тип средства |
__ |
| a |
Вид содержания |
Текст |
| c |
Тип средства |
непосредственный |
| 205 |
Сведения об издании |
__ |
| a |
Основные сведения об издании |
2-е издание, исправленное |
| 210 |
Выходные данные |
1_ |
| a |
Место издания |
Москва |
| c |
Издательство |
Манн, Иванов и Фербер |
| c |
Издательство |
МИФ Детство |
| d |
Дата издания |
2018 |
| 215 |
Физическое описание |
__ |
| a |
Объем |
282, [2] с. |
| c |
Иллюстрации/тип воспроизводства |
цв. ил. |
| d |
Формат |
23 см |
| 225 |
Серия |
1_ |
| a |
Серия |
Легкое программирование |
| 330 |
Аннотация |
__ |
| a |
Аннотация |
Scratch - простой, понятный и невероятно веселый язык программирования для детей. В нем нет кодов, которые нужно знать назубок и писать без ошибок. Все, что требуется, - это умение читать и считать. Как из конструктора, при помощи Scratch можно собирать программы из разноцветных "кирпичиков" - блоков. В программу можно вносить любые изменения в любой момент, и сразу видеть, как она работает. Подробные объяснения, разобранные по шагам примеры и множество упражнений помогут освоить Scratch без труда. Эта книга подойдет детям от 8 лет (и их родителям!), а также всем, кто хочет научиться программировать с нуля. |
| 454 |
Оригинал |
_0 |
| 1 |
|
2001 |
| a |
|
Learn to program with scratch |
| f |
|
Majed Marji |
| 1 |
|
700 1 |
| a |
|
Majed |
| b |
|
M. |
| g |
|
Marji |
| 606 |
Тематические рубрики |
1_ |
| a |
Основная рубрика |
Вычислительная техника |
| 2 |
Код системы |
nlr_sh |
| 606 |
Тематические рубрики |
__ |
| 2 |
Код системы |
nlr_sh |
| a |
Основная рубрика |
Программирование ЭВМ. Компьютерные программы. Программотехника |
| 610 |
Ключевые слова |
0_ |
| a |
Ключевые слова |
Scratch (язык программирования) |
| 610 |
Ключевые слова |
0_ |
| a |
Ключевые слова |
язык программирования Scratch |
| 610 |
Ключевые слова |
0_ |
| a |
Ключевые слова |
программирование для детей |
| 610 |
Ключевые слова |
0_ |
| a |
Ключевые слова |
языки программирования |
| 610 |
Ключевые слова |
0_ |
| a |
Ключевые слова |
программирование |
| 610 |
Ключевые слова |
0_ |
| a |
Ключевые слова |
детская литература |
| 686 |
Индексы других классификаций |
__ |
| a |
Классификационный индекс |
32.973я78; ст32.973я78 |
| 2 |
Код системы |
rubbks |
| 700 |
Автор |
_1 |
| a |
Фамилия |
Маржи |
| b |
Имя |
М. |
| g |
Полное личное имя |
Мажед |
| 4 |
Код отношения |
070 |
| 702 |
Вторичная интеллектуальная ответственность |
_1 |
| a |
Фамилия |
Гескина |
| b |
Имя |
М. В. |
| f |
Даты |
1981- |
| g |
Полное личное имя |
Мария Владимировна |
| 4 |
Код отношения |
730 |
| 702 |
Вторичная интеллектуальная ответственность |
_1 |
| a |
Фамилия |
Таскаева |
| b |
Имя |
С. |
| g |
Полное личное имя |
Светлана |
| 4 |
Код отношения |
730 |
| 801 |
Источник записи |
_0 |
| a |
Страна |
RU |
| b |
Организация |
NLR |
| c |
Дата составления |
20200731 |
| g |
Правила каталогизации |
RCR |
| 801 |
Источник записи |
_1 |
| a |
Страна |
RU |
| b |
Организация |
NLR |
| c |
Дата составления |
20200731 |
| g |
Правила каталогизации |
PSBO |
| 801 |
Источник записи |
_2 |
| a |
Страна |
RU |
| b |
Организация |
NLR |
| c |
Дата составления |
20201001 |
| 2 |
Код формата |
rusmarc |
| g |
Правила каталогизации |
PSBO |
| 852 |
Данные о местонахождении |
__ |
| i |
Авторский знак |
М 25 |
| j |
Шифр хранения |
32.973я78 |
| 900 |
Макрообъекты |
__ |
| a |
Макрообъекты |
Scratch для детей. |
| 901 |
Тип документа |
__ |
| a |
Ответственный |
КиК/Котельникова |
| t |
Тип документа |
m |
| 903 |
Характеристики (МАРС) |
__ |
| a |
Дата передачи |
20230214 |
| c |
Наименование библиотеки (МАРС) |
Муниципальное бюджетное учреждение культуры "Централизованная библиотечная система" г. Сургут (Центральная городская библиотека им. А. С. Пушкина) |
| 969 |
Тип издания |
__ |
| a |
Тип издания |
издание для детей |
| 990 |
Данные о заказе (DOS) |
__ |
| j |
Количество экземпляров (DOS) |
7 |
| t |
N записи в КСУ для И/У (DOS) |
202304 |